000
00199 a2200097 4500
020
_a
9780062279163
041
_a
eng
100
_a
Hale,Bruce
245
_a
Clark the Shark too many treats
942
_c
BK
999
_c
31874
_d
31872